000 00533nam a22001697a 4500
005 20231115104956.0
008 231115b |||||||| |||| 00| 0 eng d
020 _a0409046655
041 _aEnglish
082 _a344.1 SOC
100 _lEnglish
245 _aSocial Security Law :
_bGeneral Principles /
_cedited by MP Olivier et al.
260 _aDurban :
_bButterworth Publishers (Pty) Ltd,
_c1999
300 _bxxxvii, 623 pages ;
_c25 cm.
650 _aLegal practice
_bLaw
942 _cBK
_6ALISON_BN_VRIES
999 _c671
_d671